| 000 | 00398nam a2200145 a 4500 | ||
|---|---|---|---|
| 001 | 000032660 | ||
| 005 | 20200930065748.0 | ||
| 008 | 110725s19uu dr 000 0 spa d | ||
| 040 |
_aDO-SdBNP _bspa _cBNPHU |
||
| 100 | 1 |
_aLlaverÃas, Federico _910157 |
|
| 245 | 1 | 0 |
_aOfrenda Votiva / _cFederico LlaverÃas. |
| 260 |
_aSanto Domingo : _b[s.n.], _c[196?]. |
||
| 300 |
_a63 p. ; _c23 cm. |
||
| 049 | _aBNPD | ||
| 999 |
_c32151 _d32151 |
||